Tilastot visalle Italian historia -visa

Klikkaa tästä pelataksesi tätä visaa!

Yleistilastot

  • Tätä visaa on pelattu 172 kertaa
  • Keskiarvotulos 11 / 20

Vastaustilastot

VihjeVastaus% Oikein
Italian fasistinen johtaja 1925–1943Benito Mussolini
93%
Sikstuksen kappelin freskot maalannut taiteilijaMichelangelo
87%
Vuoden 1300 paikkeilla Italiassa alkanut kulttuurin "uudelleensyntymä"Renessanssi
87%
Yllä olevan "syntymäpaikkana" pidetty kaupunkiFirenze
84%
Välimeren kauppaa keskiajalla hallinnut laguunissa sijaitseva kaupunkiVenetsia
82%
Jupiterin suurimmat kuut löytänyt tieteilijäGalileo Galilei
77%
Italian 1800-luvulla valloittanut ranskalainen, joka teki useita uudistuksia ItaliassaNapoleon
73%
Vuonna 1626 valmistunut Rooman suurin kirkkoPietarinkirkko
68%
Italian vuonna 1935 miehittämä Afrikan valtioEtiopia
66%
Jumalaisen näytelmän kirjoittanut runoilijaDante Alighieri
65%
Tuon kaupungin kilpakumppani ja Kolumbuksen syntymäpaikkaGenova
60%
Yllä olevaa hallinnut suku, jonka merkittäviin jäseniin kuuluivat Cosimo ja Lorenzo.Medici
51%
Piemontessa sijaitseva Italian ensimmäinen pääkaupunki (1861–1865)Torino
50%
Italiaa osittain vuosina 951–1806 hallinnut saksalainen valtioPyhä saksalais-roomalainen keisarikunta
46%
Yllä olevan hallitsijoiden arvonimiDoge
45%
Italiaa vuosina 568–774 hallinnut germaaninen kansa, joka antoi nimensä Milanoa ympäröivälle alueelleLangobardit
31%
Tämän kenraalin "punapaidat" taistelivat yhdistääkseen ItalianGiuseppe Garibaldi
25%
Pahamaineisesti korruptoituneen paavi Aleksanteri VI:n (1492–1503) sukunimiBorgia
23%
Ghibelliineja vastustanut poliittinen ryhmittymäGuelfit
18%
Vuonna 1861 yhdistyneen Italian ensimmäinen kuningasViktor Emanuel II
18%

Tulosjakauma

Persentiili vastausten määrän mukaan

Jokaisen tuloksen saaneiden osuus

Tuloshistoriasi

Et ole pelannut tätä visaa